A lã e a neve (Registo nº 1554)

Detalhes MARC
000 -Etiqueta do registo
Cabeçalho 00635nam0a2200229 4500
005 - Identificador da versão
Campo de controlo 20240813121840.0
021 ## - Número do Depósito Legal
Código do país PT
100 ## - Dados gerais de processamento
Dados gerais de processamento 20151030d1976 m y0pory5003 ba
102 ## - Pais de publicação ou produção
País de publicação Portugal
101 0# - Língua de publicação
Língua do texto, banda sonora, etc. Português
215 ## - Descrição física 
Indicação específica da natureza do documento e extensão da espécie 407, [1] p.
200 1# - Titulo e menção de responsabilidade
Título próprio A lã e a neve
Informação de outro título romance
Primeira menção de responsabilidade Ferreira de Castro
205 ## - Menção da edição
Menção da edição 12ª ed
210 ## - Publicação, Distribuição, etc. 
Lugar da edição, distribuição, etc. Lisboa
Nome do editor, distribuidor, etc. Guimarães & Cª
Data da publicação, distribuição, etc. [1976?]
Data da impressão imp 1976
606 ## - Nome comum usado como assunto
Número de registo de entrada de autoridade 0002005
Palavra de ordem Literatura portuguesa
Subdivisão de assunto Romance
Código do sistema CA
675 ## - Classificação Decimal Universal (CDU)
Notação 821.134.3-31
Edição 3ª ed.
Língua da edição por
700 #1 - Nome de autor-pessoa física (responsabilidade principal)
Número de registo de entrada de autoridade 0002656
Palavra de ordem Castro
Outra parte do nome não tomada para palavra de ordem Ferreira de
Datas 1898-1974
966 ## - Identificação da Biblioteca
Sigla EB2,3ENM
942 ## - Elementos de entrada adicionados (Koha)
Tipo de item no Koha Livro
Exemplares
Situação do levantamento Origin of item (home branch) (coded) Biblioteca de empréstimo Código de barras Cota Circulation type (not for loan) Tipo de documento Nota do exemplar Damaged status
  Biblioteca Escolar Eng. Nuno Mergulhão Biblioteca Escolar Eng. Nuno Mergulhão BENM1163 82LP-3 CAS   Livro Sem mensagem